Jedno państwo według litery i kontynentu na mapie - Statystyki

Ogólne statystyki
  • Ten quiz został rozwiązany 229 razy
  • Średni wynik to 171 z 196
Odpowiedzi na mapie
Odpowiedzi zakodowano w zielono-czerwonej skali na mapie do tego quizu, zgodnie z poniższymi procentami.
 
Statystyki odpowiedzi
Państwo % Poprawnych
Albania
94%
Andora
94%
Austria
94%
Saint Kitts i Nevis
94%
Saint Lucia
94%
Saint Vincent i Grenadyny
94%
Salwador
94%
Stany Zjednoczone
94%
Afganistan
93%
Arabia Saudyjska
93%
Armenia
93%
Australia
93%
Azerbejdżan
93%
Belgia
93%
Białoruś
93%
Boliwia
93%
Bośnia i Hercegowina
93%
Brazylia
93%
Bułgaria
93%
Dania
93%
Polska
93%
Portugalia
93%
Rosja
93%
Rumunia
93%
San Marino
93%
Serbia
93%
Słowacja
93%
Słowenia
93%
Szwajcaria
93%
Szwecja
93%
Chiny
92%
Cypr
92%
Finlandia
92%
Francja
92%
Indie
92%
Indonezja
92%
Irak
92%
Iran
92%
Izrael
92%
Kanada
92%
Kostaryka
92%
Kuba
92%
Niemcy
92%
Norwegia
92%
Chorwacja
91%
Czarnogóra
91%
Czechy
91%
Egipt
91%
Erytrea
91%
Estonia
91%
Eswatini
91%
Etiopia
91%
Litwa
91%
Luksemburg
91%
Malediwy
91%
Malezja
91%
Mjanma
91%
Mongolia
91%
Watykan
91%
Węgry
91%
Wielka Brytania
91%
Włochy
91%
Algieria
90%
Angola
90%
Argentyna
90%
Grecja
90%
Hiszpania
90%
Holandia
90%
Japonia
90%
Jemen
90%
Jordania
90%
Kambodża
90%
Katar
90%
Kazachstan
90%
Kirgistan
90%
Korea Północna
90%
Korea Południowa
90%
Kuwejt
90%
Liechtenstein
90%
Łotwa
90%
Madagaskar
90%
Malawi
90%
Mali
90%
Maroko
90%
Mauretania
90%
Mauritius
90%
Meksyk
90%
Mozambik
90%
Nowa Zelandia
90%
Paragwaj
90%
Peru
90%
Republika Południowej Afryki
90%
Republika Środkowoafrykańska
90%
Republika Zielonego Przylądka
90%
Rwanda
90%
Tadżykistan
90%
Tajlandia
90%
Tajwan
90%
Timor Wschodni
90%
Turcja
90%
Turkmenistan
90%
Ukraina
90%
Chile
89%
Irlandia
89%
Islandia
89%
Kamerun
89%
Kenia
89%
Komory
89%
Kongo
89%
Czad
88%
Macedonia Północna
88%
Malta
88%
Mołdawia
88%
Monako
88%
Oman
88%
Tanzania
88%
Togo
88%
Tunezja
88%
Bhutan
87%
Brunei
87%
Haiti
87%
Honduras
87%
Lesotho
87%
Liberia
87%
Libia
87%
Namibia
87%
Nauru
87%
Niger
87%
Nigeria
87%
Senegal
87%
Seszele
87%
Sierra Leone
87%
Somalia
87%
Sudan
87%
Sudan Południowy
87%
Gruzja
86%
Laos
86%
Liban
86%
Bahrajn
85%
Bangladesz
85%
Benin
85%
Botswana
85%
Burkina Faso
85%
Burundi
85%
Dominika
85%
Dominikana
85%
Ghana
85%
Gwinea Bissau
85%
Gwinea Równikowa
85%
Pakistan
85%
Singapur
85%
Sri Lanka
85%
Syria
85%
Wenezuela
85%
Kosowo
84%
Nepal
84%
Urugwaj
84%
Wietnam
84%
Zjednoczone Emiraty Arabskie
84%
Ekwador
83%
Filipiny
82%
Bahamy
81%
Barbados
81%
Belize
81%
Dżibuti
81%
Gujana
81%
Gwinea
81%
Kolumbia
81%
Palau
81%
Papua-Nowa Gwinea
81%
Uzbekistan
81%
Demokratyczna Republika Konga
80%
Panama
80%
Zambia
79%
Zimbabwe
79%
Grenada
77%
Gwatemala
77%
Jamajka
77%
Surinam
77%
Gabon
76%
Gambia
76%
Wybrzeże Kości Słoniowej
76%
Wyspy Świętego Tomasza i Książeca
76%
Nikaragua
75%
Uganda
75%
Fidżi
70%
Tonga
70%
Tuvalu
70%
Samoa
69%
Trynidad i Tobago
69%
Wyspy Marshalla
69%
Wyspy Salomona
69%
Antigua i Barbuda
67%
Mikronezja
67%
Vanuatu
67%
Kiribati
65%
Nie znaleziono quizów pasujących do podanych kryteriów
Rozkład punktacji
Procent ludzi z każdym wynikiem
Percentyl według liczby udzielonych odpowiedzi
Twoja historia wyników
Nie rozwiązałeś tego quizu